Prostriedky hodnotenia knižničných a vedeckoinformačných procesov
Uložené v:
| Hlavný autor: | |
|---|---|
| Médium: | Kniha |
| Jazyk: | Slovak |
| Vydavateľské údaje: |
Bratislava
Centrum vedecko-technických informácií SR
1997
|
| Vydanie: | 1. vyd. |
| Predmet: | |
| Tagy: |
Žiadne tagy, Buďte prvý, kto otaguje tento záznam!
|
MARC
| LEADER | 00000nam a2200000 4500 | ||
|---|---|---|---|
| 001 | c018554 | ||
| 005 | 20230228094417.9 | ||
| 020 | |a 80-85165-62-7 | ||
| 041 | 0 | |a slo | |
| 044 | |a SK | ||
| 245 | 1 | 0 | |a Prostriedky hodnotenia knižničných a vedeckoinformačných procesov |c Eva Krištofičová |
| 250 | |a 1. vyd. | ||
| 264 | 1 | |a Bratislava |b Centrum vedecko-technických informácií SR |c 1997 | |
| 300 | |a 157 s. | ||
| 610 | 2 | 0 | |a proces informačný |
| 610 | 2 | 0 | |a bibliometria |
| 610 | 2 | 0 | |a analýza kvantitatívna |
| 610 | 2 | 0 | |a dokumenty |
| 610 | 2 | 0 | |a veda |
| 100 | 1 | |a Krištofičová, Eva | |